Statistics for Animals by Colour: Red

Click here to take the quiz!

General Stats

  • This quiz has been taken 29 times
  • The average score is 4 of 10

Answer Stats

Answer% Correct
Lady Bug
100%
Red Kangaroo
92%
Northern Cardinal
73%
Red Snake
50%
Scarlet Ibis
19%
Red Sea Star
12%
Red Velvet Mite
4%
Fulvous Forest Skimmer
0%
Red-spotted Newt
0%
Scarlet Lily Beetle
0%

Score Distribution

Percentile by Number Answered

Percent of People with Each Score

Your Score History

You have not taken this quiz